Music therapy with children and their families (Record no. 35017)
[ view plain ]
| 000 -LEADER | |
|---|---|
| fixed length control field | 01232nam a2200313Ia 4500 |
| 082 04 - DEWEY DECIMAL CLASSIFICATION NUMBER | |
| Classification number | 615.8/5154083 |
| 245 00 - TITLE STATEMENT | |
| Title | Music therapy with children and their families |
| 260 ## - PUBLICATION, DISTRIBUTION, ETC. (IMPRINT) | |
| Place of publication | London ; |
| -- | Philadelphia : |
| Name of publisher | J. Kingsley Publishers, |
| Year of publication | 2008. |
| 300 ## - PHYSICAL DESCRIPTION | |
| Number of Pages | 206 p. |
| 650 #0 - SUBJECT ADDED ENTRY--TOPICAL TERM | |
| Topical Term | Music therapy for families. |
| Topical Term | Music therapy. |
| 700 1# - ADDED ENTRY--PERSONAL NAME | |
| Personal name | Oldfield, Amelia. |
| Personal name | Flower, Claire. |
| 856 40 - ELECTRONIC LOCATION AND ACCESS | |
| Uniform Resource Identifier | http://site.ebrary.com/lib/rucke/Doc?id=10251526 |
No items available.
